| 000 | 00488nam a22001817a 4500 | ||
|---|---|---|---|
| 999 |
_c18395 _d18395 |
||
| 003 | AR-CdUCM | ||
| 008 | 190513b ||||| |||| 00| 0 spa d | ||
| 040 |
_aMUNICIPALIDAD PROVINCIAL DEL CUSCO _cBIBLIOTECA MUNICIPAL DEL CUSCO |
||
| 082 |
_a869.56 / _bN949 |
||
| 100 |
_aNuñez del Solar, Oscar _938952 |
||
| 245 | _aContrastes / | ||
| 260 | _c1978. | ||
| 300 |
_a109 páginas ; _c22 cm. |
||
| 505 | _aLiteratura. | ||
| 650 |
_aLiteratura. _983 |
||
| 942 |
_2ddc _cLIBROS |
||
| 945 | _awfj | ||